Countries by subdivision borders - Statistics

General Stats
  • This quiz has been taken 87 times
  • The average score is 12 of 16
Answer Stats
Picture Answer % Correct
United States
96%
Canada
93%
New Zealand
93%
United Kingdom
93%
India
91%
China
88%
Russia
88%
Brazil
82%
Mexico
82%
Chile
78%
Germany
75%
Indonesia
73%
France
66%
Australia
63%
Spain
63%
Netherlands
21%
No matching quizzes found
Score Distribution
Percent of People with Each Score
Percentile by Number Answered
Your Score History
You have not taken this quiz